| 000 | 00506nam a2200181Ia 4500 | ||
|---|---|---|---|
| 003 | GCL | ||
| 008 | 140319s9999 xx 000 0 ara d | ||
| 040 |
_aGCL / _cGCL |
||
| 082 | 0 | 4 |
_aق _b962.04 _bع ى |
| 100 | 1 | _aعمر طوسون | |
| 245 | 1 | 0 |
_aيوم 11 يوليه سنة 1882 / _cعمر طوسون |
| 300 | _a140 ص | ||
| 490 |
_aكتاب _v0 |
||
| 650 | 0 | 4 | _aالاسطول |
| 650 | 0 | 4 | _aالاحتلال البريطانى |
| 650 | 0 | 4 | _aمصر - الاحوال السياسية |
| 942 |
_2ddc _cBK |
||
| 999 |
_c43261 _d43261 |
||